World development report 1980

Saved in:
書目詳細資料
格式: 圖書
語言:英语
出版: Oxford Oxford University 1980
主題:
標簽: 添加標簽
沒有標簽, 成為第一個標記此記錄!

MARC

LEADER 00000nam a2200000 a 4500
001 UCR7823
003 CL-VaPUC
008 980519e19800000us |||||||||||||||||eng|d
082 0 4 |a 330.9172  |b WOR  |2 21 
245 1 0 |a World development report 1980 
300 |a 166 p 
942 |c BK 
945 |d 19980519 00:00:00  |a crobeson 
260 |a Oxford  |b Oxford University  |c 1980 
600 0 7 |a BANCO MUNDIAL  |2 CL-VaPUC  |9 388725 
650 7 |a DESARROLLO ECONOMICO PUBLICACIONES  |2 CL-VaPUC  |9 319368 
650 0 |a Países en desarrollo  |9 259663 
583 |a last modification  |c 20171130 06:14:47  |k Rodrigo Vera 
999 |c 269402  |d 269400